Rethinking Gandhi and nonviolent relationality : (Record no. 27813)
[ view plain ]
| 000 -LEADER | |
|---|---|
| fixed length control field | 01252nam a22002778a 4500 |
| 005 - DATE AND TIME OF LATEST TRANSACTION | |
| control field | 20090623154253.0 |
| 010 ## - LCCN (DPL NO) | |
| LC control number | ENG-97017 |
| 020 ## - INTERNATIONAL STANDARD BOOK NUMBER | |
| International Standard Book Number | 9788125033882 |
| Terms of availability | 695.00 |
| 035 ## - SYSTEM CONTROL NUMBER | |
| System control number | EN-80550 |
| 037 ## - SOURCE OF ACQUISITION | |
| Source of stock number/acquisition | DBAD / PUB |
| 082 ## - DEWEY DECIMAL CLASSIFICATION NUMBER | |
| Classification number | 303.61 |
| 245 ## - TITLE STATEMENT | |
| Title | Rethinking Gandhi and nonviolent relationality : |
| Remainder of title | global perspectives / |
| Statement of responsibility, etc | edited by Debjani Ganguly [and] John Docker |
| 260 ## - PUBLICATION, DISTRIBUTION, ETC. (IMPRINT) | |
| Place of publication, distribution, etc | New Delhi |
| Name of publisher, distributor, etc | Orient BlackSwan |
| Date of publication, distribution, etc | 2009 |
| 300 ## - PHYSICAL DESCRIPTION | |
| Extent | xi, 353p. |
| Dimensions | 23cm (Hb) |
| 500 ## - GENERAL NOTE | |
| General note | Based on presentations at a symposium on Gandhi held in late 2004 on the premises of the Humanities Research Centre at the Australian National University. |
| 500 ## - GENERAL NOTE | |
| General note | Includes index |
| 600 1# - SUBJECT ADDED ENTRY--PERSONAL NAME | |
| Personal name | Gandhi, |
| Titles and other words associated with a name | Mahatma, |
| Dates associated with a name | 1869-1948 |
| General subdivision | Teachings |
| Form subdivision | Congresses. |
| 600 ## - SUBJECT ADDED ENTRY--PERSONAL NAME | |
| Personal name | Gandhi, |
| General subdivision | Influence |
| Form subdivision | Congresses. |
| 650 ## - SUBJECT ADDED ENTRY--TOPICAL TERM | |
| Topical term or geographic name as entry element | Nonviolence |
| Form subdivision | Congresses. |
| 650 ## - SUBJECT ADDED ENTRY--TOPICAL TERM | |
| Topical term or geographic name as entry element | Civil disobedience |
| Form subdivision | Congresses. |
| 700 ## - ADDED ENTRY--PERSONAL NAME | |
| Personal name | Ganguly, Debjani |
| 9 (RLIN) | 2504 |
| 700 ## - ADDED ENTRY--PERSONAL NAME | |
| Personal name | Docker, John |
| 9 (RLIN) | 2505 |
| 710 ## - ADDED ENTRY--CORPORATE NAME | |
| Corporate name or jurisdiction name as entry element | Australian National University. |
| Subordinate unit | Humanities Research Centre. |
| 9 (RLIN) | 2506 |
| 942 ## - ADDED ENTRY ELEMENTS (KOHA) | |
| Source of classification or shelving scheme | Dewey Decimal Classification |
| Item type | English Books |
| Classification part | 303.61 |
| Call number suffix | RET |
| Withdrawn status | Lost status | Not for loan | Collection code | Home library | Current library | Date acquired | Source of acquisition | Cost, normal purchase price | Full call number | Barcode | Copy number | Cost, replacement price | Koha item type |
|---|---|---|---|---|---|---|---|---|---|---|---|---|---|
| Not For Loan | Non-fiction | D.B.Act.Division | D.B.Act.Division | 31/07/2010 | DBAD / PUB | 695.00 | 303.61 RET | EN-80550 | 1 | 695.00 | English Books |
